000 01489nam a2200349Ia 4500
001 ebr10256991
003 CaPaEBR
006 m u
007 cr cn|||||||||
008 000629s2001 nyuab sb 101 0 eng d
010 _z 00057960
020 _z9780851994512
020 _z0851994512 (alk. paper)
040 _aCaPaEBR
_cCaPaEBR
035 _a(OCoLC)646770850
050 1 4 _aSD418.3.T76
_bA47 2001eb
245 0 0 _aAgricultural technologies and tropical deforestation
_h[electronic resource] /
_cedited by A. Angelsen and D. Kaimowitz.
260 _aNew York :
_bCABI Pub.,
_c2001.
300 _axiv, 422 p. :
_bill., map.
500 _aBased on papers presented at a workshop held in Turrialba, Costa Rica, Mar. 11-13, 1999.
504 _aIncludes bibliographical references and index.
533 _aElectronic reproduction.
_bPalo Alto, Calif. :
_cebrary,
_d2009.
_nAvailable via World Wide Web.
_nAccess may be limited to ebrary affiliated libraries.
650 0 _aDeforestation
_zTropics
_vCongresses.
650 0 _aDeforestation
_xControl
_zTropics
_vCongresses.
650 0 _aAgriculture
_xTechnology transfer
_zTropics
_vCongresses.
655 7 _aElectronic books.
_2local
700 1 _aAngelsen, Arild.
700 1 _aKaimowitz, David.
710 2 _aCenter for International Forestry Research.
710 2 _aebrary, Inc.
856 4 0 _uhttp://site.ebrary.com/lib/rucke/Doc?id=10256991
_zAn electronic book accessible through the World Wide Web; click to view
999 _c31568
_d31568